| 000 | 00423 a2200145 4500 | ||
|---|---|---|---|
| 999 |
_c8039 _d8039 |
||
| 020 | _a9780745612157 | ||
| 050 | _aJF 60 P34 NIC 1994 | ||
| 100 |
_aThomas Nicholas _eauthor |
||
| 245 |
_aColonialism's culture: _banthropology, travel and government/ _cNicholas |
||
| 264 |
_aOxford: _bPolity Press, _c1994 |
||
| 300 | _a238p.: | ||
| 500 | _aincludes index | ||
| 650 |
_aColonialism _xCulture |
||
| 942 |
_2lcc _cBK _h60.P34 _iNIC _kJF |
||